Homonym Triplets Quiz Stats

 Plays Quiz Updated Mar 18, 2014

Challenge
Share
Tweet
Embed
Score 0/42 Timer 05:00
2 Plays Today
1st 3rd % Correct
buybye/by
96.8%
totwo
94.6%
forfour
94.2%
ateeight
91.3%
dodo'h/dough
82.2%
rainreign
81.5%
rightrite/wright
80.7%
heelheal
77.6%
I'llaisle
76.6%
we'llwheel
72.6%
oarore/o'er
72.4%
centscent
71.9%
pairpare/père
71.4%
therethey're
70.6%
wailwhale
69.5%
earnurn
69.2%
poorpour
68.7%
dodue/doux
67.3%
sightcite
63.9%
bitebyte
62.6%
taughttaut
61.6%
1st 3rd % Correct
holeywholly
60.2%
valeveil
59.9%
carrotkarat/carat
59.8%
vanevain
59.7%
peakpique/peke
59.5%
knotnaught
59.1%
knewgnu/nu
56.9%
meatmete
56.4%
rappedrapt
53%
waywhey
52.4%
flewflue
50.4%
toadtowed
50.4%
whinedwind
48.8%
raiseraze
48%
bowlbole
44.6%
freesfrieze
38.2%
hoardhorde
35.1%
roadrowed
31.4%
hihie
29.7%
eweyew
28.9%
burrowburro
24.7%

You're not logged in!

Compare scores with friends on all Sporcle quizzes.
OR
Log In

You Might Also Like...

Show Comments

Extras

Top Quizzes Today


Score Distribution

Your Account Isn't Verified!

In order to create a playlist on Sporcle, you need to verify the email address you used during registration. Go to your Sporcle Settings to finish the process.

Report this User

Report this user for behavior that violates our Community Guidelines.

Details: